000 00259nam a2200109Ia 4500
008 220120s9999||||xx |||||||||||||| ||und||
082 _a004.165 CHO
100 _aChoudhury, Ray, D
_911417
245 0 _aAdvanced microprocessors
260 _c2006
300 _b0
999 _c136339
_d136339